¿Qué son los valores?/ (Registro nro. 9457)
[ vista simple ]
| 000 -LEADER | |
|---|---|
| fixed length control field | 01439nam a2200205Ia 4500 |
| 005 - FECHA Y HORA DE LA ÚLTIMA TRANSACCIÓN | |
| control field | 20230922163957.0 |
| 008 - FIXED-LENGTH DATA ELEMENTS--GENERAL INFORMATION | |
| fixed length control field | 230921s9999 xx 000 0 und d |
| 020 ## - INTERNATIONAL STANDARD BOOK NUMBER | |
| International Standard Book Number | 9681601572 |
| 040 ## - CATALOGING SOURCE | |
| Original cataloging agency | UPAN |
| Transcribing agency | Biblioteca San Vicente |
| Description conventions | RCAA2 |
| 041 ## - LANGUAGE CODE | |
| Language code of text/sound track or separate title | spa |
| 082 ## - DEWEY DECIMAL CLASSIFICATION NUMBER | |
| Classification number | 121.8 |
| Item number | F766q |
| año de publicación | 2000 |
| 100 ## - MAIN ENTRY--PERSONAL NAME | |
| Personal name | Frondizi, Risieri |
| Relator code | aut. |
| 245 #0 - TITLE STATEMENT | |
| Title | ¿Qué son los valores?/ |
| Remainder of title | Risieri Frondizi |
| 250 ## - EDITION STATEMENT | |
| Edition statement | 3° ed. |
| 260 ## - PUBLICATION, DISTRIBUTION, ETC. (IMPRINT) | |
| Place of publication, distribution, etc | México.: |
| Name of publisher, distributor, etc | Fondo de Cultura Económica, |
| Date of publication, distribution, etc | 2000 |
| 300 ## - PHYSICAL DESCRIPTION | |
| Extent | 237 P.; |
| Dimensions | 17 cm. |
| 505 ## - FORMATTED CONTENTS NOTE | |
| Formatted contents note | l. ¿Qué son los valores? 1. El mundo de los valores, 11; 2. El valor como cualidad estructural, 15; 3. Polaridad y jerarquía; 19. Bibliografía, 21 II. Problemas fundamentales de la axiología 1. Los problemas axiológicos en la vida diaria, 24; 2. ¿Son los valores objetivos o subjetivos?, 26; 3. Sugerencias para una problemática nueva, 34; 4. El problema metodológico, 37; 5. ¿Cómo captamos los valores?, 40; 6. ¿Cuáles son las razones valederas?, 44; Bibliografía, 47 III. Las doctrinas subjetivistas. 1. Iniciación de la axiología, 49; 2. La polémica de Meinong con Ehrenfels, 53; 3. El subjetivismo axiológico en el siglo xx, 57; 4. R. B. Perry y el valor como cualquier objeto de interés, 62, 5, El empirismo lógico y las nuevas formas del subjetivismo, 78; 6, Rudolf Carnap, 84; 7. La teoría emotiva, 87; 8. Bertrand Russell, 95; Bibliografía, 105. |
| 650 ## - SUBJECT ADDED ENTRY--TOPICAL TERM | |
| Source of heading or term | LEMB |
| General subdivision | Valores |
| 942 ## - ADDED ENTRY ELEMENTS (KOHA) | |
| Koha item type | Libros |
| Source of classification or shelving scheme | Dewey Decimal Classification |
| Withdrawn status | Lost status | Source of classification or shelving scheme | Damaged status | Not for loan | Collection code | Home library | Current library | Date acquired | Total Checkouts | Full call number | Barcode | Date last seen | Copy number | Price effective from | Koha item type |
|---|---|---|---|---|---|---|---|---|---|---|---|---|---|---|---|
| Dewey Decimal Classification | Colección General | Biblioteca UPAN San Vicente | Biblioteca UPAN San Vicente | 21/09/2023 | 121.8 F766q | 12000091 | 21/09/2023 | 01 | 21/09/2023 | Libros |